Il linguaggio segreto di Dante e dei "Fedeli d'amore" /

Bibliographic Details
Main Author: Valli, Luigi
Format: Book
Language:Italian
Published: Milano : Luni Editrice, [1994]
Series:Grandi pensatori d'oriente e d'occidente ; 8.
Subjects:

MARC

Tag First Indicator Second Indicator Subfields
LEADER 00000cam a2200000 a 4500
001 in00001250607
005 20151003074436.0
008 950530s1994 it b 001 0 ita d
020 |a 8879840185 :  |c L75000 
035 |a (OCoLC)32570974 
035 |9 AGU0716AM 
040 |a YSM  |c YSM  |d UtOrBLW 
049 |a TXAM 
090 |a PQ4457  |b .V35 1994 
100 1 |a Valli, Luigi. 
245 1 3 |a Il linguaggio segreto di Dante e dei "Fedeli d'amore" /  |c Luigi Valli. 
246 3 0 |a Fedeli d'amore 
264 1 |a Milano :  |b Luni Editrice,  |c [1994] 
264 4 |c ©1994 
300 |a 701 pages ;  |c 24 cm. 
336 |a text  |b txt  |2 rdacontent 
337 |a unmediated  |b n  |2 rdamedia 
338 |a volume  |b nc  |2 rdacarrier 
490 1 |a Grandi pensatori d'Oriente e d'Occidente ;  |v 8 
504 |a Includes bibliographical references and index. 
600 0 0 |a Dante Alighieri,  |d 1265-1321  |x Symbolism. 
650 0 |a Italian poetry  |y To 1400  |x History and criticism. 
830 0 |a Grandi pensatori d'oriente e d'occidente ;  |v 8. 
999 |a MARS 
999 f f |s 08509120-1f67-3b69-95da-7400abd9ba6c  |i c4d25e54-dca4-3c9d-9df2-bb0a0cb8a527  |t 0 
952 f f |p ric  |a Texas A&M University  |b Rellis Campus  |c Joint Library Facility  |d Remote Storage  |t 0  |e PQ4457 .V35 1994  |h Library of Congress classification  |i unmediated -- volume  |m A14819829963 
998 f f |a PQ4457 .V35 1994  |t 0  |l Remote Storage